000
00330nam a22001457a 4500
003
OSt
005
20211223090947.0
008
211223b |||||||| |||| 00| 0 eng d
020
_a
1588801063
040
_c
HU
082
_a
004.36HAR2001
100
_a
Haralson
_9
24460
245
_a
The Server+ Cram Sheet
942
_2
ddc
_c
BOOKS
_n
0
999
_c
23580
_d
23580